Normal view
MARC view
- الأطفال الموهوبون
Entry Topical Term
001 - CONTROL NUMBER
- control field: 42848
003 - CONTROL NUMBER IDENTIFIER
- control field: JO-AjAnu
005 - DATE AND TIME OF LATEST TRANSACTION
- control field: 20230606081115.0
008 - FIXED-LENGTH DATA ELEMENTS
- fixed length control field: 230606|| aca||aabn | a|a d
040 ## - CATALOGING SOURCE
- Original cataloging agency: JO-AjAnu
- Transcribing agency: JO-AjAnu
150 ## - HEADING--TOPICAL TERM
- Topical term or geographic name entry element: الأطفال الموهوبون
670 ## - SOURCE DATA FOUND
- Source citation: Work cat.: (JO-AjAnu)21945: المعايطة، خليل عبدالرحمن مؤلف/البواليز، محمد عبد السلام م.مشارك, author 42847, الموهبة والتفوق